000 00723nam a2200241Ia 4500
003 OSt
005 20220927105736.0
006 a|||||r|||| 00| 0
007 ta
008 220926b |||||||| |||| 00| 0 eng d
024 _a201540
037 _cReference Collections
040 _aRTL
_cRTL
_beng
041 _2eng
_aeng
082 _a"Z2n2,N50, L3/RR"
110 _a"INDIA, LAW (M/o-)"
_9351855
245 0 _a"Acts of Parliament, 1973 with a table showing the effect of legislation and an index"
260 _a"India,"
_b"Govt. Press, "
_c1974
300 _a437p.
_ccm.
700 _a"INDIA, LAW (M/o-)"
_9351857
942 _h"Z2n2,N50, L3/RR"
_cCC
999 _c694313
_d694313